[Event "Scarborough CC Spring Swiss"]
[Site "Toronto CAN"]
[Date "2007.04.26"]
[Round "7"]
[White "Garel, Rick"]
[Black "Armstrong, Robert J"]
[Result "1/2-1/2"]
[WhiteElo "1968"]
[BlackElo "1815"]
[PlyCount "45"]
[GameId "2160767910709929"]
[EventDate "2007.03.15"]
[EventType "swiss"]
[EventRounds "8"]
[EventCountry "CAN"]
[SourceTitle "EXT 2022"]
[Source "ChessBase"]
[SourceDate "2021.10.06"]
[SourceVersion "1"]
[SourceVersionDate "2021.10.06"]
[SourceQuality "1"]

1. c4 g6 2. Nc3 Bg7 3. Nf3 Nf6 4. d4 O-O 5. g3 d6 6. Bg2 c6 7. O-O Nbd7 8. e4 Qc7 9. b3 e5 10. Bb2 exd4 11. Nxd4 Re8 12. Qd2 Nc5 13. Rfe1 Bg4 14. h3 Bd7 15. Rad1 Rad8 16. Nc2 Bc8 17. f4 Nfxe4 18. Nxe4 Nxe4 19. Rxe4 Bxb2 20. Rxe8+ Rxe8 21. Qxd6 Qxd6 22. Rxd6 Kg7 23. Kf2 1/2-1/2

[Event "Scarborough CC Spring Swiss"]
[Site "Toronto CAN"]
[Date "2007.04.26"]
[Round "7"]
[White "Karpik, Steve"]
[Black "Bellomo, Joe"]
[Result "0-1"]
[WhiteElo "1637"]
[BlackElo "1749"]
[PlyCount "100"]
[GameId "2160767910709930"]
[EventDate "2007.03.15"]
[EventType "swiss"]
[EventRounds "8"]
[EventCountry "CAN"]
[SourceTitle "EXT 2022"]
[Source "ChessBase"]
[SourceDate "2021.10.06"]
[SourceVersion "1"]
[SourceVersionDate "2021.10.06"]
[SourceQuality "1"]

1. Nf3 d5 2. c4 e6 3. d4 Nf6 4. Nc3 dxc4 5. Qa4+ Bd7 6. Qxc4 Bd6 7. e4 Be7 8. e5 Ng8 9. Qb3 b6 10. Be3 c6 11. Bd3 Bc8 12. O-O Nd7 13. Be4 Bb7 14. Rac1 Rc8 15. Nb5 a5 16. Na7 Rc7 17. Bxc6 Ba6 18. Nb5 Rc8 19. Rfe1 Bb4 20. Bd2 Rxc6 21. Rxc6 Bxb5 22. Rcc1 Ne7 23. Bxb4 axb4 24. Qxb4 Ba6 25. Nd2 O-O 26. Nc4 Bxc4 27. Rxc4 Nd5 28. Qd2 Qh4 29. Rec1 Qe4 30. Re1 Qf5 31. g3 b5 32. Rc6 N7b6 33. b3 h5 34. Qa5 Ra8 35. Qd2 h4 36. Rec1 h3 37. f4 Qe4 38. Re1 Qf3 39. Rf1 Qe4 40. Re1 Qf5 41. Rec1 b4 42. R1c2 Rb8 43. Rb2 Nc3 44. Rc2 Nbd5 45. a3 bxa3 46. R6xc3 Nxc3 47. Qxc3 Qe4 48. Qd2 Rxb3 49. Qc1 Qxd4+ 50. Rf2 Rc3 0-1

[Event "Scarborough CC Spring Swiss"]
[Site "Toronto CAN"]
[Date "2007.04.26"]
[Round "7"]
[White "Lamb, Bryan"]
[Black "Hall, John2"]
[Result "0-1"]
[WhiteElo "2204"]
[BlackElo "2084"]
[PlyCount "46"]
[GameId "2160767910709931"]
[EventDate "2007.03.15"]
[EventType "swiss"]
[EventRounds "8"]
[EventCountry "CAN"]
[SourceTitle "EXT 2022"]
[Source "ChessBase"]
[SourceDate "2021.10.06"]
[SourceVersion "1"]
[SourceVersionDate "2021.10.06"]
[SourceQuality "1"]

1. e4 e5 2. Nf3 Nc6 3. Bb5 a6 4. Ba4 Nf6 5. O-O Nxe4 6. d4 exd4 7. Re1 d5 8. Nxd4 Bd6 9. g3 O-O 10. Nxc6 bxc6 11. Bxc6 Bc5 12. Be3 Nxf2 13. Qxd5 Bxe3 14. Rxe3 Nh3+ 15. Kg2 Qf6 16. Rf3 Qxb2 17. Bxa8 Be6 18. Qb7 Qxa1 19. g4 Bxg4 20. Rxh3 Bxh3+ 21. Kxh3 Qxa2 22. Nc3 Qe6+ 23. Kg2 Qe8 0-1

[Event "Scarborough CC Spring Swiss"]
[Site "Toronto CAN"]
[Date "2007.04.26"]
[Round "7"]
[White "Lung, Patrick"]
[Black "Roe, Jim"]
[Result "1-0"]
[WhiteElo "1559"]
[BlackElo "1603"]
[PlyCount "43"]
[GameId "2160767910709932"]
[EventDate "2007.03.15"]
[EventType "swiss"]
[EventRounds "8"]
[EventCountry "CAN"]
[SourceTitle "EXT 2022"]
[Source "ChessBase"]
[SourceDate "2021.10.06"]
[SourceVersion "1"]
[SourceVersionDate "2021.10.06"]
[SourceQuality "1"]

1. e4 e6 2. d4 d5 3. Nc3 Nf6 4. e5 Nfd7 5. f4 c5 6. Nf3 Nc6 7. Be3 cxd4 8. Nxd4 a6 9. a3 Be7 10. Qd2 Nxd4 11. Bxd4 f6 12. Bd3 fxe5 13. fxe5 O-O 14. Qe2 Rf7 15. Qh5 Nf8 16. O-O-O Bg5+ 17. Kb1 Bh6 18. Rhf1 Qe7 19. Bc5 Qd7 20. Rxf7 Qxf7 21. Rf1 g6 22. Qxh6 1-0

[Event "Scarborough CC Spring Swiss"]
[Site "Toronto CAN"]
[Date "2007.04.26"]
[Round "7"]
[White "Mesiti, Silvano"]
[Black "Samaroo, Muneshwar"]
[Result "1-0"]
[WhiteElo "1748"]
[BlackElo "1513"]
[PlyCount "73"]
[GameId "2160767910709933"]
[EventDate "2007.03.15"]
[EventType "swiss"]
[EventRounds "8"]
[EventCountry "CAN"]
[SourceTitle "EXT 2022"]
[Source "ChessBase"]
[SourceDate "2021.10.06"]
[SourceVersion "1"]
[SourceVersionDate "2021.10.06"]
[SourceQuality "1"]

1. e4 c5 2. Nf3 Nc6 3. d4 cxd4 4. Nxd4 d6 5. Bc4 Nf6 6. Nc3 g6 7. O-O Bg7 8. Nxc6 bxc6 9. Qd3 O-O 10. Bb3 Qa5 11. Re1 Ba6 12. Qd1 Nd7 13. Bd2 Qc7 14. Rb1 Nc5 15. Qc1 Nxb3 16. axb3 f5 17. Bh6 e5 18. Bxg7 Kxg7 19. exf5 Rxf5 20. Qe3 d5 21. Qd2 Raf8 22. f3 Qb6+ 23. Kh1 Qb4 24. Qf2 R8f7 25. Qg1 Bb5 26. Rbd1 d4 27. Ne4 Qe7 28. Qf2 c5 29. Qd2 Bc6 30. Qd3 Bxe4 31. Rxe4 Qd7 32. Rde1 Re7 33. Qc4 Qd6 34. Qe2 Kf6 35. Kg1 g5 36. Ra1 Rf4 37. Ra6 1-0

[Event "Scarborough CC Spring Swiss"]
[Site "Toronto CAN"]
[Date "2007.04.26"]
[Round "7"]
[White "Moysoski, Randy"]
[Black "Moran, Mario"]
[Result "1-0"]
[WhiteElo "1941"]
[BlackElo "1764"]
[PlyCount "126"]
[GameId "2160767910709934"]
[EventDate "2007.03.15"]
[EventType "swiss"]
[EventRounds "8"]
[EventCountry "CAN"]
[SourceTitle "EXT 2022"]
[Source "ChessBase"]
[SourceDate "2021.10.06"]
[SourceVersion "1"]
[SourceVersionDate "2021.10.06"]
[SourceQuality "1"]

1. e4 c6 2. Ne2 e5 3. Nbc3 d5 4. exd5 cxd5 5. d4 e4 6. Bf4 Nf6 7. Qd2 Bd6 8. Bg5 Be6 9. h3 O-O 10. a3 Nbd7 11. g4 h6 12. Bh4 g5 13. Bg3 Nb6 14. Bxd6 Qxd6 15. Ng3 a6 16. Be2 Rac8 17. Nf5 Bxf5 18. gxf5 Nc4 19. Bxc4 Rxc4 20. h4 e3 21. fxe3 Qg3+ 22. Qf2 Qxf2+ 23. Kxf2 Ne4+ 24. Nxe4 dxe4 25. c3 f6 26. Kg3 Kg7 27. Kg4 a5 28. Rh2 a4 29. Rah1 Rc6 30. c4 Rh8 31. hxg5 fxg5 32. Rc2 Rf8 33. c5 Rd8 34. Rc4 b5 35. Rc2 Rd5 36. Rhh2 Kf7 37. Rc3 Rf6 38. Rf2 Rc6 39. b3 Rd8 40. bxa4 bxa4 41. Rc4 Kf6 42. Rh2 Rh8 43. Rh5 Kg7 44. Rxa4 Rf6 45. Ra7+ Rf7 46. Ra6 Rf6 47. Ra4 Rhf8 48. Ra7+ Kg8 49. Re7 Rxf5 50. Rxe4 Rf1 51. Rh2 R8f7 52. Kh5 g4 53. Rxg4+ Kh7 54. e4 Rd7 55. d5 Re7 56. c6 Re5+ 57. Kh4 h5 58. Rg5 Rxe4+ 59. Kxh5 Rf6 60. Rgg2 Rf5+ 61. Rg5 Rf6 62. Rg4 Rh6+ 63. Kg5 Rxh2 1-0

[Event "Scarborough CC Spring Swiss"]
[Site "Toronto CAN"]
[Date "2007.04.26"]
[Round "7"]
[White "Paterson, Jim"]
[Black "Deiseach, Donald"]
[Result "1/2-1/2"]
[WhiteElo "1896"]
[BlackElo "1952"]
[PlyCount "58"]
[GameId "2160767910709935"]
[EventDate "2007.03.15"]
[EventType "swiss"]
[EventRounds "8"]
[EventCountry "CAN"]
[SourceTitle "EXT 2022"]
[Source "ChessBase"]
[SourceDate "2021.10.06"]
[SourceVersion "1"]
[SourceVersionDate "2021.10.06"]
[SourceQuality "1"]

1. e4 e5 2. Nf3 Nc6 3. c3 Nf6 4. d4 Nxe4 5. Bd3 d5 6. dxe5 Bg4 7. Bf4 Bc5 8. O-O Qe7 9. Bb5 O-O 10. Bxc6 bxc6 11. h3 Bh5 12. g4 Bg6 13. Nd4 Qh4 14. Kg2 Rab8 15. Qe2 Rfe8 16. f3 Ng5 17. Bxg5 Qxg5 18. f4 Qh6 19. f5 Bxd4 20. cxd4 Rb4 21. fxg6 Qxg6 22. Rf4 Qg5 23. Qf2 Rxb2 24. Qxb2 Qxf4 25. Qd2 Qe4+ 26. Kg3 Qh1 27. Qc3 Qg1+ 28. Kf3 Qf1+ 29. Kg3 Qg1+ 1/2-1/2

[Event "Scarborough CC Spring Swiss"]
[Site "Toronto CAN"]
[Date "2007.04.26"]
[Round "7"]
[White "Perez, Michael"]
[Black "Yuan, Yuanling"]
[Result "0-1"]
[WhiteElo "1697"]
[BlackElo "1895"]
[PlyCount "56"]
[GameId "2160767910709936"]
[EventDate "2007.03.15"]
[EventType "swiss"]
[EventRounds "8"]
[EventCountry "CAN"]
[SourceTitle "EXT 2022"]
[Source "ChessBase"]
[SourceDate "2021.10.06"]
[SourceVersion "1"]
[SourceVersionDate "2021.10.06"]
[SourceQuality "1"]

1. d4 Nf6 2. c4 g6 3. Nc3 Bg7 4. Nf3 O-O 5. e4 d6 6. Bg5 Nc6 7. d5 Nb8 8. Qd2 Re8 9. Be2 e6 10. O-O-O exd5 11. exd5 Nbd7 12. h4 Nc5 13. h5 a6 14. hxg6 fxg6 15. Rh4 Bh8 16. Rdh1 Re7 17. Nd4 Qe8 18. Rf4 Nce4 19. Nxe4 Nxe4 20. Rxe4 Rxe4 21. Ne6 Bxe6 22. dxe6 Rxe6 23. Bg4 Re5 24. Bf3 c6 25. Bf4 Rc5 26. Qb4 Qf7 27. Qb3 Rxc4+ 28. Kb1 Rxf4 0-1

[Event "Scarborough CC Spring Swiss"]
[Site "Toronto CAN"]
[Date "2007.04.26"]
[Round "7"]
[White "Rapoport, Alex"]
[Black "Aniag, Danilo"]
[Result "0-1"]
[WhiteElo "2002"]
[BlackElo "1956"]
[PlyCount "58"]
[GameId "2160767910709938"]
[EventDate "2007.03.15"]
[EventType "swiss"]
[EventRounds "8"]
[EventCountry "CAN"]
[SourceTitle "EXT 2022"]
[Source "ChessBase"]
[SourceDate "2021.10.06"]
[SourceVersion "1"]
[SourceVersionDate "2021.10.06"]
[SourceQuality "1"]

1. d4 Nf6 2. Nd2 d5 3. e3 b6 4. Ngf3 Bb7 5. Bd3 g6 6. O-O Bg7 7. c3 O-O 8. Qe2 Ne4 9. Bxe4 dxe4 10. Ng5 e5 11. Ngxe4 Ba6 12. c4 exd4 13. exd4 Qxd4 14. Qf3 Nd7 15. Rd1 Rad8 16. Qc3 Nc5 17. Qxd4 Rxd4 18. Nxc5 bxc5 19. b3 Rfd8 20. Rb1 Bc8 21. Re1 Bf5 22. Ra1 R4d7 23. g4 Bc2 24. Rb1 Bc3 25. Ne4 Bxe1 26. Nf6+ Kg7 27. Rb2 Rd1 28. Rxc2 Bd2+ 29. Kg2 Rxc1 0-1

[Event "Scarborough CC Spring Swiss"]
[Site "Toronto CAN"]
[Date "2007.04.26"]
[Round "7"]
[White "Sherman, Joshua"]
[Black "Wu, Aaron"]
[Result "0-1"]
[WhiteElo "1745"]
[BlackElo "1627"]
[PlyCount "110"]
[GameId "2160767910709941"]
[EventDate "2007.03.15"]
[EventType "swiss"]
[EventRounds "8"]
[EventCountry "CAN"]
[SourceTitle "EXT 2022"]
[Source "ChessBase"]
[SourceDate "2021.10.06"]
[SourceVersion "1"]
[SourceVersionDate "2021.10.06"]
[SourceQuality "1"]

1. e4 c5 2. d4 cxd4 3. c3 dxc3 4. Nxc3 Nc6 5. Bc4 Nf6 6. Nf3 d6 7. h3 a6 8. Qe2 b5 9. Bb3 Bb7 10. O-O e6 11. Rd1 Be7 12. e5 Nd7 13. exd6 Bf6 14. Nd5 O-O 15. Nxf6+ Qxf6 16. Bg5 Qf5 17. Bc2 Nd4 18. Rxd4 Bxf3 19. Bxf5 Bxe2 20. Rd2 Bh5 21. Be4 Rac8 22. g4 Bg6 23. Bxg6 hxg6 24. Be7 Rfe8 25. Rd3 f6 26. Ra3 Rc6 27. Rd1 Kf7 28. Rdd3 Rec8 29. Rf3 g5 30. Rfe3 e5 31. b4 Ke6 32. Ra5 Nf8 33. Rea3 Ng6 34. Rxa6 Nxe7 35. dxe7 Kxe7 36. Rxc6 Rxc6 37. Ra7+ Ke6 38. Rb7 Rc2 39. Rxb5 Rxa2 40. Rb8 Ra7 41. b5 Kd6 42. b6 Rd7 43. Rc8 Rb7 44. Rc7 Rxc7 45. bxc7 Kxc7 46. Kg2 Kd6 47. Kf3 g6 48. Ke4 Ke6 49. f3 f5+ 50. Kd3 Kd5 51. Ke3 f4+ 52. Kd3 e4+ 53. fxe4+ Ke5 54. Ke2 Kxe4 55. Kf2 f3 0-1

[Event "Scarborough CC Spring Swiss"]
[Site "Toronto CAN"]
[Date "2007.04.26"]
[Round "7"]
[White "Villalobos, Oscar"]
[Black "Lung, Stephen"]
[Result "1-0"]
[WhiteElo "1528"]
[BlackElo "1614"]
[PlyCount "61"]
[GameId "2160767910709943"]
[EventDate "2007.03.15"]
[EventType "swiss"]
[EventRounds "8"]
[EventCountry "CAN"]
[SourceTitle "EXT 2022"]
[Source "ChessBase"]
[SourceDate "2021.10.06"]
[SourceVersion "1"]
[SourceVersionDate "2021.10.06"]
[SourceQuality "1"]

1. c4 e5 2. d3 d6 3. g3 Nf6 4. Bg2 Nc6 5. Nc3 Be7 6. Nf3 O-O 7. O-O Re8 8. Nh4 Bf8 9. Bg5 h6 10. Bxf6 Qxf6 11. Nd5 Qd8 12. Qe1 Nd4 13. Ne3 Nc6 14. f4 exf4 15. gxf4 g6 16. Qg3 Nd4 17. Rf2 Kh7 18. Kh1 Be7 19. f5 gxf5 20. Nhxf5 Rg8 21. Qh3 Nxf5 22. Nxf5 Bg5 23. Qh5 Rf8 24. h4 Bxf5 25. hxg5 Bg6 26. Qxh6+ Kg8 27. Bf3 Qd7 28. Rh2 Bh5 29. Qxh5 Qh3 30. Rxh3 f6 31. Qh7# 1-0

[Event "Scarborough CC Spring Swiss"]
[Site "Toronto CAN"]
[Date "2007.05.03"]
[Round "8"]
[White "Armstrong, Robert J"]
[Black "Rutherdale, William"]
[Result "0-1"]
[WhiteElo "1815"]
[BlackElo "1915"]
[PlyCount "62"]
[GameId "2160767910709944"]
[EventDate "2007.03.15"]
[EventType "swiss"]
[EventRounds "8"]
[EventCountry "CAN"]
[SourceTitle "EXT 2022"]
[Source "ChessBase"]
[SourceDate "2021.10.06"]
[SourceVersion "1"]
[SourceVersionDate "2021.10.06"]
[SourceQuality "1"]

1. d4 d5 2. c4 e6 3. Nf3 Nf6 4. e3 Be7 5. Bd3 a6 6. O-O O-O 7. Nc3 dxc4 8. Bxc4 b5 9. Bd3 Bb7 10. a3 c5 11. dxc5 Bxc5 12. Be2 Qb6 13. b4 Be7 14. Bb2 Rd8 15. Qb3 Nc6 16. Rfd1 Rac8 17. e4 Nd4 18. Nxd4 Rxd4 19. Rxd4 Qxd4 20. Rd1 Qe5 21. Nxb5 Bd5 22. Rxd5 Qxe4 23. Re5 Qb1+ 24. Bf1 Rc1 25. g3 Rxf1+ 26. Kg2 Ng4 27. Qc4 Rg1+ 28. Kf3 Nxe5+ 29. Bxe5 Qf5+ 30. Bf4 axb5 31. Qc8+ Bf8 0-1

[Event "Scarborough CC Spring Swiss"]
[Site "Toronto CAN"]
[Date "2007.05.03"]
[Round "8"]
[White "Bellomo, Joe"]
[Black "Villalobos, Oscar"]
[Result "1-0"]
[WhiteElo "1727"]
[BlackElo "1528"]
[PlyCount "48"]
[GameId "2160767910709945"]
[EventDate "2007.03.15"]
[EventType "swiss"]
[EventRounds "8"]
[EventCountry "CAN"]
[SourceTitle "EXT 2022"]
[Source "ChessBase"]
[SourceDate "2021.10.06"]
[SourceVersion "1"]
[SourceVersionDate "2021.10.06"]
[SourceQuality "1"]

1. e4 c5 2. Nf3 d6 3. d4 cxd4 4. Nxd4 Nf6 5. Nc3 a6 6. Be2 e5 7. Nb3 Be6 8. O-O Be7 9. Be3 Nbd7 10. Kh1 Rc8 11. f4 b5 12. f5 Bc4 13. Bd3 Nb6 14. Qf3 d5 15. Bxb6 Qxb6 16. Nxd5 Bxd5 17. exd5 Qd6 18. Be4 Rc4 19. Rfe1 Nxe4 20. Rxe4 Rxc2 21. Rae1 Bf6 22. Qd3 Rxb2 23. Qc3 Rxa2 24. Qc8+ Ke7 1-0

[Event "Scarborough CC Spring Swiss"]
[Site "Toronto CAN"]
[Date "2007.05.03"]
[Round "8"]
[White "Chuderski, Jan"]
[Black "Karpik, Steve"]
[Result "1/2-1/2"]
[WhiteElo "1559"]
[BlackElo "1637"]
[PlyCount "132"]
[GameId "2160767910709946"]
[EventDate "2007.03.15"]
[EventType "swiss"]
[EventRounds "8"]
[EventCountry "CAN"]
[SourceTitle "EXT 2022"]
[Source "ChessBase"]
[SourceDate "2021.10.06"]
[SourceVersion "1"]
[SourceVersionDate "2021.10.06"]
[SourceQuality "1"]

1. Nf3 Nf6 2. c4 g6 3. b3 Bg7 4. Bb2 O-O 5. d3 b6 6. Nbd2 Bb7 7. g3 Nc6 8. a3 Re8 9. Bg2 Rb8 10. O-O e5 11. e4 a5 12. Ra2 Nh5 13. Qa1 d6 14. Bc3 Ra8 15. Qb2 Qd7 16. Rfa1 f5 17. b4 f4 18. b5 Ne7 19. d4 exd4 20. Bxd4 Nc8 21. Bxg7 Qxg7 22. Qxg7+ Kxg7 23. g4 Nf6 24. g5 Ng4 25. h3 Ne5 26. Nxe5 dxe5 27. f3 Nd6 28. Kf2 Rad8 29. Rc2 Nf7 30. h4 Rd4 31. Bf1 c5 32. Nb3 Rd6 33. Raa2 Bc8 34. Rd2 Red8 35. Rxd6 Rxd6 36. Rd2 Be6 37. Rxd6 Nxd6 38. Nd2 h6 39. Kg2 hxg5 40. hxg5 Nf7 41. a4 Nxg5 42. Bd3 Nf7 43. Nb1 Nd6 44. Nd2 Kh6 45. Kf2 Kh5 46. Kg2 g5 47. Be2 Kh4 48. Kf2 g4 49. fxg4 Bxg4 50. Bd3 Kg5 51. Nf3+ Bxf3 52. Kxf3 Kh4 53. Kg2 Nf7 54. Kf2 Ng5 55. Bc2 Ne6 56. Bd1 Nd4 57. Kg2 Ne6 58. Kf2 Kg5 59. Ke2 Nd4+ 60. Kf2 f3 61. Kg3 Kh5 62. Kf2 Kh4 63. Bxf3 Nxf3 64. Kxf3 Kh3 65. Kf2 Kg4 66. Kg2 Kf4 1/2-1/2

[Event "Scarborough CC Spring Swiss"]
[Site "Toronto CAN"]
[Date "2007.05.03"]
[Round "8"]
[White "Deiseach, Donald"]
[Black "Mesiti, Silvano"]
[Result "1/2-1/2"]
[WhiteElo "1952"]
[BlackElo "1748"]
[PlyCount "68"]
[GameId "2160767910709948"]
[EventDate "2007.03.15"]
[EventType "swiss"]
[EventRounds "8"]
[EventCountry "CAN"]
[SourceTitle "EXT 2022"]
[Source "ChessBase"]
[SourceDate "2021.10.06"]
[SourceVersion "1"]
[SourceVersionDate "2021.10.06"]
[SourceQuality "1"]

1. e4 e5 2. d4 exd4 3. c3 dxc3 4. Nxc3 d6 5. Nf3 Be7 6. Bc4 Nf6 7. Qb3 O-O 8. Ng5 Qe8 9. Nb5 Bd8 10. O-O h6 11. Nf3 Qxe4 12. Re1 Qc6 13. Nfd4 Qb6 14. Be3 c5 15. Nf3 a6 16. Qa3 Qc6 17. Rad1 Bc7 18. Nxc7 Qxc7 19. Bf4 Rd8 20. Qc3 Nc6 21. a4 Bg4 22. Bxh6 Nd4 23. Bf4 Bxf3 24. gxf3 Qd7 25. Rxd4 cxd4 26. Qxd4 d5 27. Bd3 Re8 28. Rd1 Qh3 29. Bg3 Re6 30. Qc3 Rae8 31. Bf1 Qf5 32. Bd3 Qh3 33. Bf1 Qf5 34. Bd3 Qh3 1/2-1/2

[Event "Scarborough CC Spring Swiss"]
[Site "Toronto CAN"]
[Date "2007.05.03"]
[Round "8"]
[White "Hall, John2"]
[Black "Aniag, Danilo"]
[Result "1-0"]
[WhiteElo "2084"]
[BlackElo "1956"]
[PlyCount "112"]
[GameId "2160767910709949"]
[EventDate "2007.03.15"]
[EventType "swiss"]
[EventRounds "8"]
[EventCountry "CAN"]
[SourceTitle "EXT 2022"]
[Source "ChessBase"]
[SourceDate "2021.10.06"]
[SourceVersion "1"]
[SourceVersionDate "2021.10.06"]
[SourceQuality "1"]

1. d4 Nf6 2. c4 e6 3. Nc3 Bb4 4. Nf3 Ne4 5. Qc2 f5 6. g3 O-O 7. Bg2 b6 8. Nd2 Bxc3 9. bxc3 d5 10. cxd5 exd5 11. c4 c6 12. cxd5 cxd5 13. O-O Ba6 14. Nxe4 fxe4 15. f3 exf3 16. Bxf3 Bc4 17. Ba3 Rf6 18. Qd2 Nc6 19. Rac1 Qd7 20. Bh5 Qe6 21. Rf4 Rxf4 22. Qxf4 Qf6 23. Qxf6 gxf6 24. e3 f5 25. Rc2 Kg7 26. Rf2 Bd3 27. g4 Kf6 28. h4 Ke6 29. gxf5+ Bxf5 30. Bf7+ Kxf7 31. Rxf5+ Ke6 32. Rh5 Rg8+ 33. Kf2 Rg7 34. Rh6+ Rg6 35. Rxh7 Rf6+ 36. Ke2 Rf7 37. Rxf7 Kxf7 38. Kf3 Kf6 39. Kg4 Na5 40. Bd6 Nc4 41. Be5+ Kg6 42. h5+ Kf7 43. Kg5 Nd2 44. h6 Ne4+ 45. Kf5 Kg8 46. Kg6 Ng5 47. Kxg5 Kh7 48. Kf6 b5 49. Ke6 a5 50. Kxd5 b4 51. Kc4 Kxh6 52. d5 Kg6 53. Kc5 Kf5 54. d6 Kxe5 55. d7 Kf5 56. d8=Q Ke5 1-0

[Event "Scarborough CC Spring Swiss"]
[Site "Toronto CAN"]
[Date "2007.05.03"]
[Round "8"]
[White "Jizan, Masoud"]
[Black "Wu, Aaron"]
[Result "1-0"]
[WhiteElo "1622"]
[BlackElo "1627"]
[PlyCount "60"]
[GameId "2160767910709950"]
[EventDate "2007.03.15"]
[EventType "swiss"]
[EventRounds "8"]
[EventCountry "CAN"]
[SourceTitle "EXT 2022"]
[Source "ChessBase"]
[SourceDate "2021.10.06"]
[SourceVersion "1"]
[SourceVersionDate "2021.10.06"]
[SourceQuality "1"]

1. e4 c5 2. f4 e6 3. Nf3 Nf6 4. Bc4 d5 5. exd5 exd5 6. Bb5+ Bd7 7. Bxd7+ Nbxd7 8. O-O Be7 9. Re1 O-O 10. d4 Ne4 11. Nc3 Ndf6 12. Be3 Qc7 13. Ne5 cxd4 14. Bxd4 Nxc3 15. bxc3 Rfd8 16. Kh1 Bc5 17. Rb1 b6 18. Qe2 Rac8 19. Rbc1 Ne4 20. Qh5 f6 21. Nd3 Bxd4 22. cxd4 Qc3 23. Re2 Qxd4 24. Rce1 Qa4 25. Nf2 Nxf2+ 26. Rxf2 Qxa2 27. Rd2 Qc4 28. Rde2 Rf8 29. Qg4 a5 30. Re7 Rc7 1-0

[Event "Scarborough CC Spring Swiss"]
[Site "Toronto CAN"]
[Date "2007.05.03"]
[Round "8"]
[White "Lamb, Bryan"]
[Black "Paterson, Jim"]
[Result "1/2-1/2"]
[WhiteElo "2204"]
[BlackElo "1858"]
[PlyCount "60"]
[GameId "2160767910709951"]
[EventDate "2007.03.15"]
[EventType "swiss"]
[EventRounds "8"]
[EventCountry "CAN"]
[SourceTitle "EXT 2022"]
[Source "ChessBase"]
[SourceDate "2021.10.06"]
[SourceVersion "1"]
[SourceVersionDate "2021.10.06"]
[SourceQuality "1"]

1. c4 e6 2. Nc3 d5 3. cxd5 exd5 4. d4 Nf6 5. Nf3 Nbd7 6. Bf4 c6 7. e3 Be7 8. Bd3 Nf8 9. Qc2 Ng6 10. Bg3 Bd6 11. Ne5 Bxe5 12. dxe5 Ng4 13. Bxg6 hxg6 14. Qe2 Qe7 15. f4 Bf5 16. O-O-O O-O-O 17. h3 Nh6 18. Be1 Qc5 19. b3 d4 20. exd4 Rxd4 21. Rxd4 Qxd4 22. Qd2 Qc5 23. Bf2 Qa3+ 24. Qb2 Qxb2+ 25. Kxb2 Rd8 26. Rd1 Rxd1 27. Nxd1 Be4 28. Ne3 Nf5 29. Nxf5 gxf5 30. g3 b6 1/2-1/2

[Event "Scarborough CC Spring Swiss"]
[Site "Toronto CAN"]
[Date "2007.05.03"]
[Round "8"]
[White "Lung, Stephen"]
[Black "Tursman, Richard"]
[Result "1/2-1/2"]
[WhiteElo "1614"]
[BlackElo "1533"]
[PlyCount "90"]
[GameId "2160767910709952"]
[EventDate "2007.03.15"]
[EventType "swiss"]
[EventRounds "8"]
[EventCountry "CAN"]
[SourceTitle "EXT 2022"]
[Source "ChessBase"]
[SourceDate "2021.10.06"]
[SourceVersion "1"]
[SourceVersionDate "2021.10.06"]
[SourceQuality "1"]

1. e4 d5 2. exd5 Nf6 3. d4 Qxd5 4. Nc3 Qa5 5. Bd2 c6 6. Ne4 Qb6 7. Nxf6+ gxf6 8. Bc3 Bf5 9. Bd3 Bg6 10. Nf3 Nd7 11. Nh4 e6 12. Qe2 O-O-O 13. O-O-O Bb4 14. Bxb4 Qxb4 15. Bxg6 hxg6 16. Nf3 Rh5 17. Rd3 Qb6 18. Rb3 Rb5 19. Rxb5 cxb5 20. c3 Kb8 21. Kb1 a5 22. a3 b4 23. axb4 axb4 24. cxb4 Qxb4 25. Rd1 Nb6 26. Qd2 Qb5 27. Qf4+ e5 28. Qxf6 Rd5 29. Nxe5 Na4 30. Nd3 Nc3+ 31. Kc2 Nxd1 32. Qxf7 Rxd4 33. Qf8+ Ka7 34. Qa3+ Ra4 35. Qc5+ Ka6 36. Qd6+ b6 37. Qb8 Qc4+ 38. Kd2 Qe4 39. Qd6 Ka7 40. Qd7+ Ka6 41. Qc8+ Ka5 42. b4+ Kb5 43. Qd7+ Qc6 44. Qxc6+ Kxc6 45. Kxd1 g5 1/2-1/2

[Event "Scarborough CC Spring Swiss"]
[Site "Toronto CAN"]
[Date "2007.05.03"]
[Round "8"]
[White "Moran, Mario"]
[Black "Lung, Patrick"]
[Result "1-0"]
[WhiteElo "1764"]
[BlackElo "1559"]
[PlyCount "153"]
[GameId "2160767910709953"]
[EventDate "2007.03.15"]
[EventType "swiss"]
[EventRounds "8"]
[EventCountry "CAN"]
[SourceTitle "EXT 2022"]
[Source "ChessBase"]
[SourceDate "2021.10.06"]
[SourceVersion "1"]
[SourceVersionDate "2021.10.06"]
[SourceQuality "1"]

1. Nf3 d5 2. g3 Nc6 3. Bg2 e5 4. d3 Nf6 5. O-O Bc5 6. Nc3 Qd6 7. Bg5 Ng4 8. h3 h6 9. Bd2 Nf6 10. a3 a6 11. b4 Bb6 12. Na4 Ba7 13. c4 dxc4 14. dxc4 Be6 15. c5 Qd7 16. Kh2 e4 17. Ng1 O-O-O 18. Be3 Qe7 19. Qc2 Bf5 20. Nc3 h5 21. b5 Nb8 22. b6 Ng4+ 23. Kh1 Nc6 24. bxa7 Nxa7 25. Bxe4 Be6 26. hxg4 hxg4+ 27. Kg2 g6 28. Rab1 c6 29. Na4 f5 30. Nb6+ Kb8 31. Bf4+ Rd6 32. Bxd6+ Qxd6 33. cxd6 fxe4 34. Qxe4 Bf5 35. Qe5 Nb5 36. Qxh8+ Ka7 37. Nc8+ Kb8 38. Ne7+ Ka7 39. Nxf5 gxf5 40. Rxb5 axb5 41. d7 f4 42. d8=Q f3+ 43. exf3 gxf3+ 44. Kxf3 b6 45. Rc1 Kb7 46. Qd7+ Ka6 47. Qh1 Ka5 48. Rxc6 b4 49. axb4+ Kxb4 50. Rxb6+ Kc5 51. Rd6 Kb4 52. g4 Kc5 53. g5 Kb4 54. g6 Kc5 55. g7 Kb4 56. g8=Q Kc5 57. Qgg2 Kb4 58. Qdh3 Kc5 59. Q3h2 Kb4 60. Ke3 Kc5 61. Rg6 Kb4 62. Rg3 Kc5 63. f4 Kd6 64. Kf3 Ke6 65. Kg4 Kf6 66. f5 Kg7 67. Kg5 Kf7 68. f6 Kf8 69. Kg6 Kg8 70. f7+ Kf8 71. Nf3 Ke7 72. Kg7 Ke6 73. f8=Q Kd5 74. Qgh3 Ke4 75. Rg4+ Kd5 76. Nh4+ Ke6 77. Rg5# 1-0

[Event "Scarborough CC Spring Swiss"]
[Site "Toronto CAN"]
[Date "2007.05.03"]
[Round "8"]
[White "Rapoport, Alexander"]
[Black "Moysoski, Randy"]
[Result "1-0"]
[WhiteElo "2002"]
[BlackElo "1941"]
[PlyCount "75"]
[GameId "2160767910709954"]
[EventDate "2007.03.15"]
[EventType "swiss"]
[EventRounds "8"]
[EventCountry "CAN"]

1. d4 Nf6 2. Nd2 g6 3. e4 d6 4. Ngf3 Nbd7 5. Bc4 e6 6. Qe2 Nb6 7. Bb3 Bd7 8. e5 Nh5 9. Ne4 d5 10. Nc5 Bc6 11. Bg5 Qc8 12. g4 Ng7 13. O-O-O Nd7 14. Nxd7 Qxd7 15. Bf6 h6 16. Qe3 a5 17. c3 b5 18. Bc2 b4 19. Nh4 bxc3 20. Nxg6 cxb2+ 21. Kb1 Rg8 22. Nxf8 Kxf8 23. Bh7 Bb5 24. Qa3+ c5 25. Qxc5+ Ke8 26. Bxg8 Bc4 27. Qe7+ Qxe7 28. Bxe7 Kxe7 29. Bh7 a4 30. a3 Rb8 31. Bc2 Be2 32. Rd2 Bxg4 33. Rg1 h5 34. f3 Bxf3 35. Rxg7 Rf8 36. Kxb2 Rb8+ 37. Kc1 Kf8 38. Rg3 1-0